| 000 | 01115nam a2200241Ia 4500 | ||
|---|---|---|---|
| 999 |
_c4933 _d4933 |
||
| 003 | OSt | ||
| 005 | 20200401122326.0 | ||
| 008 | 191128s1955 mx gr 001 0 spa d | ||
| 020 | _a9681603052 | ||
| 040 |
_aCO-JMCR _cCO-JMCR |
||
| 041 | 0 | _aspa | |
| 082 | 0 | 4 |
_a109 / _bH23l |
| 100 | 1 |
_aHegel, Georg Wilhelm Friedrich, _eautor _92368 |
|
| 245 | 1 | 0 |
_aLecciones sobre historia de la filosofía I / _cGeorg Wilhelm Friedrich Hegel |
| 260 |
_aMéxico : _bFondo de Cultura Económica, _c1955 |
||
| 300 |
_a327 páginas ; _c21 cm. |
||
| 300 | _c | ||
| 490 | 0 | _aSección de obras de filosofía | |
| 505 | _aDiscurso inagural -- Introducción a la historia de la filosofía -- Concepto de la historia de la filosofia -- Nociones corrientes acerca de la historia de la filosofía -- Historia de la filosofía como un acervo de opiniones | ||
| 520 | _aFrente a quienes no son capaces de ver la historia de la filosofía otra cosa que una serie de opiniones que otros, menos benévolos, llaman nececidad o extravíos, Hegel levanta su propia concepción. | ||
| 650 | 1 | 4 |
_aFilosofía _xHistoria _92369 |
| 942 |
_2ddc _cBK |
||